000
00317 a2200145 4500
001
170981
020
_a
040
_c
Magnum
100
_a
Garcia, Eduardo
240
1
0
_a
Historia da civilizacao - v.2
_l
por
245
1
0
_a
Historia da civilizacao - v.2
362
0
_a
1899
697
_a
HISTORIA GERAL
942
_c
BK
999
_c
170981
_d
170981